Zagłada Żydów w obozie koncentracyjnym na Majdanku
| Titel: | Zagłada Żydów w obozie koncentracyjnym na Majdanku / Tomasz Kranz |
|---|---|
| Verfasser: | |
| Veröffentlicht: | Lublin: Państwowe Muzeum na Majdanku, 2007 |
| Umfang: | 86 S. : Ill. |
| Format: | Buch |
| Sprache: | Polnisch |
| RVK-Notation: | |
| ISBN: | 9788391650080 |
| Hinweise zum Inhalt: |
Inhaltsverzeichnis
|
alg: 18859618 001A $00030:11-07-07 001B $01999:03-06-23 $t02:16:41.000 001C $00030:10-04-15 $t18:38:57.000 001D $00030:11-07-07 001U $0utf8 001X $00 002@ $0Aau 003@ $0188596186 003O $0150274706 $aOCoLC 004A $A978-83-916500-8-0 006G $0983814341 006L $0BV022385908 $2BVB 006U $008,A12,2063 $f20070416 007A $0188596186 $aHEB 007T $0Herdhh188596186 009P $qapplication/pdf $A2 $3Inhaltsverzeichnis $uhttp://scans.hebis.de/HEBCGI/show.pl?18859618_toc.pdf $mV:DE-604 010@ $apol 011@ $a2007 021A $aZagłada Żydów w obozie koncentracyjnym na Majdanku $hTomasz Kranz 027A/01 $aDie Vernichtung der Juden im Konzentrationslager Majdanek 028A $7115384154 $8Kranz, Tomasz$Z1960- [Tp1] $9149599145 033A $pLublin: Państwowe Muzeum na Majdanku 034D $a86 S. 034M $aIll. 041A $#KZ Majdanek $#obóz koncentracyjny Majdanek $74268005-0 $8Konzentrationslager Majdanek [Tb1] $9086433342 045E $c940 045F $a940.531853843 $eDDC22ger 045F/01 $a940.53185 045F/03 $g43843 045G $a900.94380904 $eDDC23BSB 045G/01 $a900 045G/03 $f0904 045G/03 $g438 045H $a909.0492409438 $eDDC23BSB 045H/01 $a909.04924 045H/03 $g438 045R $aGeschichte 045Z $8NQ 2360 [Tkv] $9410912263 046C $aDie Vernichtung der Juden im Konzentrationslager Majdanek $bÜbers. des Hauptsacht. lok: 18859618 3 101B $009-08-07 $t11:01:07.000 101C $011-07-07 101U $0utf8 144Z/20 $aj07aug 145S/06 $a770 145Z/01 $a900 T 100 De 5267 Majdanek exp: 18859618 3 1 #EPN 201B/01 $011-07-07 $t14:08:25.000 201C/01 $011-07-07 201U/01 $0utf8 203@/01 $0506292088 208@/01 $a11-07-07 $bzAa 209A/01 $a88.348.94 $du $f000 $h88 348 94 $x00 209G/01 $a88348940 $x00 247C/01 $8601000-3 <30>Frankfurt, Universitätsbibliothek J. C. Senckenberg, Zentralbibliothek (ZB) $9102598258 lok: 18859618 24 101B $009-06-08 $t16:31:47.000 101C $009-06-08 101U $0utf8 145Z/01 $a36 7 Nk 145Z/02 $a36 3 F 145Z/03 $a36 8 M 31 exp: 18859618 24 1 #EPN 201B/01 $009-06-08 $t16:31:47.000 201C/01 $026-03-08 201U/01 $0utf8 203@/01 $0541528696 208@/01 $a09-06-08 $bz 209A/01 $a08.2500 $du $f050 $h08 2500 $x00 209C/01 $a08.2500 K $h08 2500 K 209G/01 $a72132149 $x00 220C/01 $agro 247C/01 $8358050-7Marburg, Bibliothek des Herder-Instituts Marburg $9102600961 lok: 18859618 78 exp: 18859618 78 1 #EPN 201B/01 $008-11-17 $t21:46:45.000 201U/01 $0utf8 203@/01 $0794519113 208@/01 $a12-11-16 $be 209A/01 $a/ $f000 $x00 220C/01 $aAnmerkung: *NG 237A/01 $aEnglische Fassung: Extermination of Jews at the Majdanek Concentration Camp. Lublin 2007. - Toż w jęz. ang.: Extermination of Jews at the Majdanek Concentration Camp. Lublin 2007. Toż w jęz. niem.: Die Vernichtung der Juden im Konzentrationslager Majdanek. Lublin 2007 244Z/01 $2Trx $#Poola $#Lenkija $#Polija $#Polen Land $#Poland $#Lengyelország $#Poľsko $#Polsko $8--Trx--Polska$gkraj $x01 $9391345966 244Z/01 $#KZ Majdanek $#obóz koncentracyjny Majdanek $74268005-0 $8--Tb1--Konzentrationslager Majdanek $x02 $9086433342 244Z/01 $aGeschichte 1940-1945 $x03 244Z/01 $2Trx $#kontsetratsioonilaagrid 1933-1945 $#koncentracijos stovyklos 1933-1945 $#concentration camps 1933-1945 $#koncentrációs táborok 1933-1945 $#obozy koncentracyjne 1933-1945 $#tábory koncentračné 1933-1945 $#tábory koncentrační 1933-1945 $#Vernichtungslager $#obozy zagłady $#tábory vyhladzovacie $8--Trx--Konzentrationslager$g1933-1945 $x04 $9391374737 244Z/01 $2Trx $#Holokaust 1941-1945 $#Holokaustas 1941-1945 $#Holocaust 1941-1945 $#holocaust 1941-1945 $#holokaust 1941-1945 $#holokaust 1941-1945 $#holokaust 1941-1945 $#Shoah $#Judenvernichtung $#shoah $#shoah $#šoa $8--Trx--Holocaust$g1941-1945 $x05 $9391361090 244Z/01 $2Trx $8--Trx--Monographie $x06 $9391384546 245Z/01 $a13.03 $x01 245Z/01 $a06.04.03 $x02 245Z/01 $a08.04.09 $x03 247C/01 $82080>Marburg/Lahn, Herder-Institut, Forschungsbibliothek, Bibliographieportal $9336309341
| LEADER | 00000cam a2200000 c 4500 | ||
|---|---|---|---|
| 001 | 188596186 | ||
| 003 | DE-603 | ||
| 005 | 20230603021641.0 | ||
| 007 | tu | ||
| 008 | 070711s2007 xx |||| | u00||u|pol | ||
| 015 | |a 08,A12,2063 |2 dnb | ||
| 016 | 7 | |2 DE-101 |a 983814341 | |
| 020 | |a 9788391650080 | ||
| 035 | |a (DE-599)HEB188596186 | ||
| 035 | |a (DE-604)BV022385908 | ||
| 035 | |a (OCoLC)150274706 | ||
| 040 | |a DE-603 |b ger |c DE-603 |d DE-603 | ||
| 041 | |a pol | ||
| 082 | 0 | 4 | |8 1\u |a 940.531853843 |q DE-101 |2 22/ger |
| 083 | 0 | |8 2\u |a 900.94380904 |q DE-101 |2 23/BSB | |
| 083 | 0 | |8 3\u |a 909.0492409438 |q DE-101 |2 23/BSB | |
| 084 | |a 940 |q DE-101 |2 sdnb | ||
| 084 | |a NQ 2360 |0 (DE-625)128255: |0 (DE-603)410912263 |2 rvk | ||
| 085 | |8 1\u |b 940.53185 | ||
| 085 | |8 1\u |z 2 |s 43843 | ||
| 085 | |8 2\u |b 900 | ||
| 085 | |8 2\u |z 1 |s 0904 | ||
| 085 | |8 2\u |z 2 |s 438 | ||
| 085 | |8 3\u |b 909.04924 | ||
| 085 | |8 3\u |z 2 |s 438 | ||
| 100 | 1 | |a Kranz, Tomasz |d 1960- |0 (DE-603)149599145 |0 (DE-588)115384154 |2 gnd | |
| 245 | 0 | 0 | |a Zagłada Żydów w obozie koncentracyjnym na Majdanku |c Tomasz Kranz |
| 246 | 1 | |i Übers. des Hauptsacht. |a Die Vernichtung der Juden im Konzentrationslager Majdanek | |
| 246 | 1 | 3 | |a Die Vernichtung der Juden im Konzentrationslager Majdanek |
| 264 | 1 | |a Lublin: Państwowe Muzeum na Majdanku |c 2007 | |
| 300 | |a 86 S. |b Ill. | ||
| 610 | 1 | 7 | |a Konzentrationslager Majdanek |2 gnd |0 (DE-588)4268005-0 |0 (DE-603)086433342 |
| 648 | 7 | |a Geschichte |2 gnd | |
| 856 | 4 | 2 | |m V:DE-604 |q application/pdf |u http://scans.hebis.de/HEBCGI/show.pl?18859618_toc.pdf |3 Inhaltsverzeichnis |
| 924 | 0 | |9 30 |a (DE-603)506292088 |b DE-30 |c HES |d c |g 88.348.94 | |
| 924 | 0 | |9 Mb 50 |a (DE-603)541528696 |b DE-Mb50 |c HES |d c |g 08.2500 | |
| 924 | 0 | |9 2080 |a (DE-603)794519113 |b DE-2080 |c HES |d d |g / | |


